Latin Knowledge Quiz Stats

 Plays Quiz not verified by Sporcle

Support Sporcle.
Go Orange.
Score 0/10 Timer 05:00
0 Plays Today
Juluis Caesar Facts Answer % Correct
Veni, vidi, viciI came I saw I conquered
100%
How Many Times Caesar MarriedThree
80%
Alea iacta estThe Die Is Cast
40%
Caesar Won this Award Father of the Fatherland
40%
In a Deck of Cards which Card Represents Caesar?King of Diamonds
40%
Who Was In The First TriumviratePompey, Crassus and Caesar
20%
Caesar Was assissinated recieving how many stab wounds?Twenty-Three
20%
Part of Rome Where Caesar Was BornSubura
10%
Before Caesar Changed the Name to Julius what was the Month July called?Quintilis
10%
How did Caesar cipher work?Move each letter two to the right
10%

You're not logged in!

Compare scores with friends on all Sporcle quizzes.
OR
Log In
Forgot?

From the Vault

Backward Americas Match-Up

by Qaqaq

'Sacirema' doesn't sound like a lost continent so much as it sounds like a Spanish snack food.
Remove Ads.
Support Sporcle.
Get the best of Sporcle when you Go Orange. This ad-free experience offers more features, more stats, and more fun while also helping to support Sporcle. Thank you for becoming a member.

Show Comments

Extras

Created Feb 14, 2011ReportNominate
Tags:Latin Quiz

Top Quizzes Today


Score Distribution

Your Account Isn't Verified!

In order to create a playlist on Sporcle, you need to verify the email address you used during registration. Go to your Sporcle Settings to finish the process.

Report this User

Report this user for behavior that violates our Community Guidelines.

Details: